000 00545nam a2200169 a 4500
001 000048006
005 20201002060847.0
008 110714s1980 dr abc 000 0 spa d
040 _aDO-SdBNP
_bspa
_cBNPHU
082 _axx
_bxx
_bM766b, 1980
100 1 _aMontás, Argentinas
_958330
245 1 0 _aBosquejo de la historia de América /
_cArgentinas Montás.
260 _aSanto Domingo :
_bLibrería Dominicana,
_c1980.
300 _a288 p. :
_bil., mapas, retrs. ;
_c23 cm.
590 _aInventariado, 2018/VM
504 _aBibliografía : p. 288.
999 _c47494
_d47494